Succeed in ielts listening and vocabulary : Ideal for both the academic and the general training modules
It contains in-depth strategies for developing students' listening skills. All the different tasks of the IELTS Listening section, such as maps, iagrams, flowcharts, multiple-choice, gap filling, true-false, matching etc. are included
Gardado en:
| Autor Principal: | |
|---|---|
| Formato: | Libro |
| Idioma: | Undetermined |
| Publicado: |
Thành phố Hồ Chí Minh
Tổng hợp
2014
|
| Những chủ đề: | |
| Các nhãn: |
Engadir etiqueta
Sen Etiquetas, Sexa o primeiro en etiquetar este rexistro!
|
| Thư viện lưu trữ: | Trung tâm Học liệu Trường Đại học Cần Thơ |
|---|
| LEADER | 01000nam a2200217Ia 4500 | ||
|---|---|---|---|
| 001 | CTU_202605 | ||
| 008 | 210402s9999 xx 000 0 und d | ||
| 082 | |a 428.0076 | ||
| 082 | |b B564/CD | ||
| 100 | |a Betsis, Andrew | ||
| 245 | 0 | |a Succeed in ielts listening and vocabulary : | |
| 245 | 0 | |b Ideal for both the academic and the general training modules | |
| 245 | 0 | |c Andrew Betsis, Lisa Demiralp, Sean Haughton | |
| 260 | |a Thành phố Hồ Chí Minh | ||
| 260 | |b Tổng hợp | ||
| 260 | |c 2014 | ||
| 520 | |a It contains in-depth strategies for developing students' listening skills. All the different tasks of the IELTS Listening section, such as maps, iagrams, flowcharts, multiple-choice, gap filling, true-false, matching etc. are included | ||
| 650 | |a English language,Vocabulary,English language,Tiếng Anh,Từ vựng,Tiếng Anh | ||
| 650 | |x Listening,Examination,Nghe,Kỳ thi | ||
| 904 | |i Tuyến | ||
| 980 | |a Trung tâm Học liệu Trường Đại học Cần Thơ | ||